000 00824nam a22002777a 4500
001 BR7808032
003 BR-BrBNA
005 20230928085849.0
007 ta
008 230509b bl.||||| |||| 00| 0 por d
040 _aBR-BrBNA
_bpor
_cBiblioteca Nacional de Agricultura
041 _a(Por)
072 _aE14; C30
_b/G514
090 _ E14 BR7808032
110 1 _aComissao Estadual de Planejamento Agricola do Piaui, Teresina (Brasil)
_92040
245 1 _aSistema de informacoes agropecuarias - SIA PI termos de referencia do projeto [Piaui, Brasil]
260 3 _aTeresina, PI (Brasil):
_c1978.
300 _a19 p.
500 _a5 tables
650 _aPROJETO AGRICOLA
650 _aCIENCIA DA INFORMACAO
650 _aAGRICULTURA
650 _aPIAUI
909 _a202309
_bLucia
_c55
_dLucia Elande
942 _cBK
999 _c26755
_d26755